Engine Emissions (Record no. 319570)

MARC details
000 -LEADER
fixed length control field 00441nam a2200157Ia 4500
008 - FIXED-LENGTH DATA ELEMENTS--GENERAL INFORMATION
fixed length control field 230718s9999 xx 000 0 und d
041 ## - LANGUAGE CODE
Language code of text/sound track or separate title eng
082 ## - DEWEY DECIMAL CLASSIFICATION NUMBER
Classification number 621.43
Item number PUN
100 ## - MAIN ENTRY--PERSONAL NAME
Personal name Pundir B.P.
245 ## - TITLE STATEMENT
Title Engine Emissions
Remainder of title Pollutant Formation And Advances In Control Technology
260 ## - PUBLICATION, DISTRIBUTION, ETC. (IMPRINT)
Name of publisher, distributor, etc. Narosa Publishing House
300 ## - PHYSICAL DESCRIPTION
Extent 301
365 ## - TRADE PRICE
Currency code Rs.
Price amount 295.00
700 ## - ADDED ENTRY--PERSONAL NAME
Personal name Pundir B.P.
906 ## - LOCAL DATA ELEMENT F, LDF (RLIN)
d B:108090048618-Aug-2008
c MECH
b 59
Holdings
Withdrawn status Lost status Damaged status Not for loan Home library Current library Date acquired Vendor Budget Code Cost, normal purchase price Bill number Total Checkouts Full call number Barcode Date last seen Discount Cost, replacement price Bill Date Koha item type Original Barcode
        Cummins College of Engineering for Women Pune Cummins College of Engineering for Women Pune 05/11/2008 Varma Book Distributors MECH 236.00 1080900486   621.43 CCEP-BK-30777 18/07/2023 59 295.00 18/08/2008 Books 030777